000 01327nam a2200265 i 4500
001 87752
003 ES-MaACL
005 20250419134548.0
007 t|
008 041223s1952 sp ||||1| spa d
110 2 _aLaboratorios del Norte de España.
_95476
245 1 0 _aMuseo Retrospectivo de Farmacia y Medicina de los Laboratorios del Norte de España, S.A.
260 _aMasnou, Barcelona :
_bLaboratorios del Norte de España,
_c1952.
300 _a72 p. :
_bil. ;
_c23 cm.
505 8 _aContiene: Génesis y desarrollo de los Laboratorios . La botica del Monasterio de Santa María la Real, de Nájera . Morteros . Cerámica . Material de laboratorio . Otras secciones: Documentación profesional antigua, Biblioteca, Grabado, Objetos varios
530 _aDisponible en formato digital.
594 _aPubl. ed. para conmemorar el 50 aniversario de la creación de los Laboratorios del Norte de España, en 1902 en Figueras.
610 2 4 _aLaboratorios del Norte de España.
_95476
650 _aFarmacia-
_xAparatos e instrumentos.
_9136086
650 4 _aMedicina-
_xMaterial y equipo.
_9152803
852 _aES-MaACL
_j1948-F-16
_cDEPOF
_zRevisado enlace: 19 de Abril de 2025
856 _uhttps://ddd.uab.cat/record/238743
_yDipòsit Digital de Documents de la UAB
942 _2udc
999 _c87752
_d87752